| 000 | 00716nam0a22002411 4500 | ||
|---|---|---|---|
| 001 | rc\253148 | ||
| 005 | 20250621020410.0 | ||
| 010 |
_a5-260-00152-4 _97000 |
||
| 035 | _a(NLR Aleph) 005514021 | ||
| 090 |
_a5437411 _c5437411 |
||
| 100 | _a20030307d1990 |||y0rusy50 ca | ||
| 101 | 0 | _arus | |
| 102 | _aRU | ||
| 105 | _ay ||||||||| | ||
| 200 | 1 | _aСеменоводство овощных культур при орошении | |
| 210 |
_aМ. _cРосагропромиздат _d1990 |
||
| 215 |
_a207, [2] с. _d20 |
||
| 700 | 1 |
_aАлексеев _bР.В. _gРостислав Викторович |
|
| 801 | 0 |
_aRU _bNLR _gpsbo |
|
| 801 | 1 |
_aRU _bELAR _2rusmarc |
|
| 852 |
_aNLR _j90-3/1689 |
||
| 942 | _cBOOK | ||
| 980 | _aNB | ||